000 00857nam a2200229Ia 4500
999 _c4960
_d4960
003 OSt
005 20200414123430.0
008 191128s1985 ck gr 000 0dspa d
040 _aCO-JMCR
_cCO-JMCR
041 0 _aspa
082 0 4 _a302.04 /
_bP353p
100 1 _aPinilla Pinilla, Luis,
_eCompilador
_92989
245 1 0 _aPensamiento político contemporáneo /
_cLuis Pinilla Pinilla
260 _aBogotá :
_bImprenta Distrital,
_c1985
300 _a187 páginas ;
_c24 cm.
490 0 _aPensadores políticos Colombianos
500 _aBibliografía: Paginas 185 - 187.
505 _aAlgunos conceptos iniciales -- La participación política y las organizaciones populares -- Los sindicatos -- Las cooperativas -- Otras organizaciones populares
650 1 4 _aHacienda pública municipal
_92990
650 2 4 _a Derecho fiscal
_92991
942 _2ddc
_cBK